000 00280nam a22001217a 4500
082 _a823
_bBON/R
100 _aBOND,RUSKIN
245 _aRUSTY AND THE LEOPARD
246 _aRUSTY AND THE LEOPARD
_bRUSTY AND THE LEOPARD
260 _aNEW DELHI
_bPUFFIN
300 _a299
942 _cBK
999 _c8474
_d8474